BIBLIOTECA PODER JUDICIAL
Portal Judicial TDF

Persona, estado y derecho / (Registro nro. 575)

000 -LEADER
fixed length control field 00633nam a22001817a 4500
003 - CONTROL NUMBER IDENTIFIER
control field OSt
005 - DATE AND TIME OF LATEST TRANSACTION
control field 20180523092644.0
008 - FIXED-LENGTH DATA ELEMENTS--GENERAL INFORMATION
fixed length control field 180316b xxu||||| |||| 00| 0 spa d
040 ## - CATALOGING SOURCE
Transcribing agency PJ
100 ## - ASIENTO PRINCIPAL - NOMBRE DE PERSONA
9 (RLIN) 124
Personal name Del Vecchio, Giorgio
245 10 - MENCIÓN DE TÍTULO
Título propiamente dicho Persona, estado y derecho /
Mención de responsabilidad, etc Giorgio del Vecchio; prólogo de Manuel Fraga Iribarne.
260 ## - PUBLICATION, DISTRIBUTION, ETC. (IMPRINT)
Place of publication, distribution, etc Madrid :
Name of publisher, distributor, etc Instituto de Estudios Políticos,
Date of publication, distribution, etc 1957.
300 ## - DESCRIPCION FISICA
Extent 582 p.
Dimensions 19 cm.
500 ## - NOTA GENERAL
General note Citas y notas bibliográficas a pie de algunas páginas.
650 #0 - ASIENTO SECUNDARIO DE MATERIA - TERMINO TEMATICO
9 (RLIN) 177
Topical term or geographic name as entry element FILOSOFIA DEL DERECHO
700 ## - ADDED ENTRY--PERSONAL NAME
9 (RLIN) 784
Personal name Fraga Iribarne, Manuel
Relator term prologuista
942 ## - ADDED ENTRY ELEMENTS (KOHA)
Source of classification or shelving scheme
Koha item type Libros
Classification part 340.12
Item part DEL
Existencias
Withdrawn status Lost status Source of classification or shelving scheme Damaged status Not for loan Permanent Location Current Location Date acquired Full call number Barcode Date last seen Price effective from Koha item type
          Biblioteca Poder Judicial Sur Biblioteca Poder Judicial Sur 2018-05-23 340.12 DEL 1735 2018-05-23 2018-05-23 Libros

12 de Octubre 789 Ushuaia - Tel:  54(02901)441571
Horario de Atención: 8.00 a 17.00 hs. 
bibliotecaush@justierradelfuego.gov.ar
koha@justierradelfuego.gov.ar
Seguinos en nuestras redes @bibliojustdf 

Con tecnología Koha